000 01237nam a22002657a 4500
005 20100906144528.0
008 100906t xxu||||| |||| 00| 0 eng d
010 _aENG-101432
020 _a9788184245905
_c350.00
035 _aEN-84965
037 _bDBAD/PUB
040 _adpl
_bEng
082 _a530
111 _aNational seminar on new frontiers in nuclear, hadron and mesoscopic physics
_cVadodara,India
_d3rd December, 2009
_918615
245 _aProceedings of the National seminar on new frontiers in nuclear, hadron and mesoscopic physics'
_cedited by V.K.B. Kota [and] Arun Pratap; organized by Applied Physics Department, Faculty of Technology and Engineering, M.S. University of Baroda
260 _aNew Delhi
_bAllied Publishers
_c2010
270 _aI/13-14 Asaf Ali Road
_bNew Delhi
_e110002
300 _a90p.
_c25cm (pbk)
500 _aIncludes bibliographical references and index
700 _aKota, V.K.B.
_918622
700 _aArun Pratap
_918623
710 _aApplied Physics Department, Faculty of Technology and Engineering
_918616
942 _2ddc
_cEN
_mNAT
_h530
999 _c44039
_d44039